000 01479cam a22003373a 4500
999 _c234235
_d234235
001 17277983
003 Nust
005 20170316125140.0
008 120428s1995 nyu 000 1 eng d
010 _a 94096284
020 _a9780749937768
020 _a0749937768
035 _a(OCoLC)ocm32164701
040 _aSVP
_cSVP
_dSLC
_dOCL
_dOCLCQ
_dOCL
_dBAKER
_dVP@
_dBTCTA
_dYDXCP
_dUPZ
_dDLC
042 _alccopycat
043 _an-us-tx
050 0 0 _aCPB Box no. 3 vol. 5
082 _a813.54
_bPHI
100 1 _aPhillips, Susan Elizabeth.
245 1 0 _aHeaven, Texas /
_cSusan Elizabeth Phillips.
260 _aNew York, N.Y. :
_bAvon Books,
_c1995.
300 _a371 p. ;
_c18 cm.
490 0 _aAvon Romance
520 _aCome heck or high water, Gracie Snow is determined to drag the legendary ex-jock Bobby Tom Denton back home to Heaven, Texas, to begin shooting his first motion picture. But bad boy Bobby has no plans to cooperate with the prim and bossy Ohio wallflower whom he can't get off his mind or out of his life.
650 0 _aMotion pictures
_xProduction and direction
_vFiction.
650 0 _aFootball players
_vFiction.
650 0 _aActors
_vFiction.
651 0 _aTexas
_vFiction.
655 7 _aLove stories.
_2gsafd
710 2 _aCopyright Paperback Collection (Library of Congress)
_5DLC
856 4 2 _3Contributor biographical information
_uhttp://www.loc.gov/catdir/enhancements/fy1604/94096284-b.html
906 _a7
_bcbc
_ccopycat
_d2
_eepcn
_f20
_gy-genrareb
942 _2ddc
_cBK